00528 a2200205 4500260001200000100002800012700002800040260001000068300000900078245010200087650002500189650002600214650001900240650001300259650001500272260000900287130000700296500000900303040001000312 aCotonou aGANDONOU, Yannick Y. Y. aDOHOU VIDEGNON, Armando bENEAM b43 p aLa pratique de la comptabilité générale à la poste du Bénin sa: Analyses et suggestions aCOMPTABILITE GESTION aCOMPTABILITE GENERALE aPOSTE DU BENIN aANALYSES aSUGGESTION c2007 lFr a1 ex aENEAM